[Event "Gallego-ch U14"]
[Site "Viveiro"]
[Date "2017.02.28"]
[Round "8"]
[White "Padilla Picuasi, Wuayra David"]
[Black "Vazquez Porta, Andres"]
[Result "1-0"]
[WhiteElo "1580"]
[BlackElo "1222"]
[PlyCount "55"]
[EventDate "2017.02.25"]
[EventType "swiss"]
[EventRounds "8"]
[EventCountry "ESP"]
[SourceTitle "EXT 2024"]
[Source "ChessBase"]
[SourceDate "2023.10.10"]
[SourceVersion "1"]
[SourceVersionDate "2023.10.10"]
[SourceQuality "1"]

1. e4 c5 2. Nf3 d6 3. d4 cxd4 4. Nxd4 Nf6 5. Nc3 g6 6. Be2 Bg7 7. 0-0 0-0 8. Kh1 Nc6 9. Nb3 Qc7 10. f4 b6 11. Be3 e6 12. Bf3 Bb7 13. Nb5 Qd7 14. Qxd6 Ba6 15. Qxd7 Nxd7 16. c4 Bxb5 17. cxb5 Nb4 18. Rad1 Rfd8 19. Rd2 Rac8 20. Rfd1 Rc7 21. e5 Kf8 22. Bc6 Ke7 23. Nd4 a6 24. a3 Nd5 25. Bxd5 exd5 26. Nc6+ Ke8 27. Nxd8 Kxd8 28. bxa6 1-0

[Event "Galego-ch U14"]
[Site "Viveiro"]
[Date "2016.02.08"]
[Round "6.3"]
[White "Padilla Picuasi, Wuayra David"]
[Black "Garcia Alvarez, Paula"]
[Result "1/2-1/2"]
[WhiteElo "1572"]
[BlackElo "1537"]
[PlyCount "60"]
[EventDate "2016.02.06"]
[EventType "swiss"]
[EventRounds "8"]
[EventCountry "ESP"]
[SourceTitle "EXT 2024"]
[Source "ChessBase"]
[SourceDate "2023.10.10"]
[SourceVersion "1"]
[SourceVersionDate "2023.10.10"]
[SourceQuality "1"]

1. d4 Nf6 2. c4 g6 3. Nc3 Bg7 4. e4 d6 5. f3 0-0 6. Be3 c6 7. Bd3 a6 8. a4 a5 9. Qb3 Na6 10. Nge2 Nb4 11. Na2 Nxa2 12. Rxa2 Nd7 13. 0-0 e5 14. d5 f5 15. dxc6 bxc6 16. c5+ Kh8 17. cxd6 f4 18. Bf2 Qf6 19. Qa3 g5 20. Bc4 h5 21. g4 fxg3 22. Nxg3 h4 23. Nf5 Nb8 24. Nxg7 Kxg7 25. Bb6 Na6 26. Bxa6 Bxa6 27. Rd1 Be2 28. Rd2 Bxf3 29. d7 Qf4 30. Qe7+ Rf7 1/2-1/2

[Event "Galego-ch U14"]
[Site "Viveiro"]
[Date "2016.02.06"]
[Round "1"]
[White "Padilla Picuasi, Wuayra David"]
[Black "Gomez Carreno, Laura"]
[Result "1-0"]
[WhiteElo "1572"]
[BlackElo "1014"]
[PlyCount "107"]
[EventDate "2016.02.06"]
[EventType "swiss"]
[EventRounds "8"]
[EventCountry "ESP"]
[SourceTitle "EXT 2024"]
[Source "ChessBase"]
[SourceDate "2023.10.10"]
[SourceVersion "1"]
[SourceVersionDate "2023.10.10"]
[SourceQuality "1"]

1. d4 d5 2. e3 Bf5 3. c4 e6 4. Nc3 c5 5. dxc5 Bxc5 6. cxd5 exd5 7. Qxd5 Qxd5 8. Nxd5 Bd6 9. Be2 Be4 10. Bf3 Bxd5 11. Bxd5 Nc6 12. Bxc6+ bxc6 13. Nf3 Bb4+ 14. Bd2 Bxd2+ 15. Kxd2 Rd8+ 16. Ke2 Rb8 17. b3 Nf6 18. Rac1 Rb6 19. Ne5 Ra6 20. a4 Rb6 21. Rxc6 Rxc6 22. Nxc6 a6 23. Rd1 Kf8 24. Rd8+ Ne8 25. Ra8 g6 26. Rxa6 Kg7 27. Ra8 Nc7 28. Rxh8 Kxh8 29. b4 Nd5 30. Kd3 Kg8 31. Kc4 Nb6+ 32. Kb5 Nd5 33. a5 Kf8 34. a6 Ke8 35. a7 Kd7 36. Kc5 Nc7 37. Kb6 Kc8 38. Ne7+ Kd8 39. Kb7 f6 40. a8Q+ Nxa8 41. Kxa8 Kxe7 42. b5 Kd7 43. b6 Kc8 44. b7+ Kc7 45. b8Q+ Kc6 46. Qd8 Kb5 47. Qc7 Ka6 48. Qb7+ Ka5 49. Ka7 Ka4 50. Ka6 Ka3 51. Ka5 Ka2 52. Ka4 Ka1 53. Ka3 f5 54. Qb2# 1-0